000 01331nam2a22002411 4500
001 rc\3686118
005 20250610112952.0
021 _aRU
_b[74-50481]
035 _a(NLR Aleph) 007878840
090 _a7905013
_c7905013
100 _a20130115d1974 |||y0rusy50 ca
101 0 _arus
102 _aRU
105 _aa z |||||
200 0 _aЧ. 1
210 _d1974
_aБ. м.
215 _a282 с.
_cчерт.
461 0 _1001rc\3686117
_12001#$aТепловое хозяйство сахарных заводов$eУчеб. пособие$eЧ. 1-$fМ-во высш. и сред. спец. образования РСФСР. Краснодар. политехн. ин-т. Кафедра технологии сахаристых веществ$vЧ. 1
_1700#1$aКолесников$bВ.А.$gВалерий Александрович
_97905009
_aКолесников, В.А.
_cКраснодар
_d1974-
_fМ-во высш. и сред. спец. образования РСФСР. Краснодар. политехн. ин-т. Кафедра технологии сахаристых веществ
_nБ. и.
_oУчеб. пособие : Ч. 1-
_tТепловое хозяйство сахарных заводов
_vЧ. 1
801 0 _aRU
_bNLR
_gpsbo
801 1 _aRU
_bELAR
_2rusmarc
852 _aNLR
_j74-3/627
942 _cBOOK
980 _aNB